Statistics for Miami Neighborhoods Quiz

Click here to take the quiz!

General Stats

  • This quiz has been taken 81 times
  • The average score is 9 of 36

Answers on the Map

Answers color-coded by a green-red scale on the quiz's map according to % correct below.
 

Answer Stats

Answer% Correct
Little Havana
79%
Downtown
72%
Little Haiti
58%
Coconut Grove
49%
Brickell
46%
Wynwood
44%
Overtown
35%
Allapattah
32%
Liberty City
31%
Design District
26%
Little River
26%
Port Miami
26%
Flagami
25%
Virginia Key
25%
Midtown
24%
Bayside
22%
Brickell Key
22%
Edgewater
22%
Morningside
22%
Venetian Islands
21%
West Flagler
21%
Watson Island
18%
Lummus Park
17%
Shenandoah
17%
The Roads
17%
Buena Vista
15%
Grapeland Heights
15%
Omni
15%
Silver Bluff
15%
Spring Garden
15%
Civic Center
14%
Park West
14%
Bay Point
13%
Belle Meade
13%
Coral Gate
11%
Shorecrest
11%

Score Distribution

Percentile by Number Answered

Percent of People with Each Score

Your Score History

You have not taken this quiz